[Event "Capablanca Memorial op 49th"]
[Site "Havana"]
[Date "2014.05.14"]
[Round "6"]
[White "Forgas Moreno, Yaniela"]
[Black "Olivares, Francisco"]
[Result "0-1"]
[WhiteElo "2158"]
[BlackElo "2305"]
[PlyCount "92"]
[EventDate "2014.04.08"]
[EventType "swiss"]
[EventRounds "10"]
[EventCountry "CUB"]
[SourceTitle "CBM 160 Extra"]
[Source "ChessBase"]
[SourceDate "2014.07.01"]
[SourceVersion "1"]
[SourceVersionDate "2014.07.01"]
[SourceQuality "1"]

1. e4 Nf6 2. e5 Nd5 3. d4 d6 4. Nf3 Bg4 5. Be2 Nc6 6. c4 Nb6 7. Nbd2 dxe5 8. dxe5 e6 9. 0-0 Qd7 10. a3 Rd8 11. Qb3 Be7 12. Qe3 0-0 13. b4 f5 14. b5 Nb8 15. a4 Qe8 16. a5 N6d7 17. Qxa7 Nc5 18. a6 b6 19. Qxc7 Nbd7 20. a7 Rc8 21. Qxc8 Qxc8 22. a8Q Qxa8 23. Rxa8 Rxa8 24. h3 Bh5 25. Re1 Ra2 26. g3 Na4 27. Nd4 Bf7 28. Bf1 Bb4 29. N4b3 Nc3 30. Re3 g5 31. f4 Bh5 32. Nf3 Nc5 33. Nbd4 N5e4 34. Nxe6 Nxg3 35. Nfd4 Nxf1 36. Kxf1 Ra1 37. Nb3 Rb1 38. Ned4 Na2 39. Rg3 Nxc1 40. Rxg5+ Bg6 41. Nxc1 Rxc1+ 42. Ke2 Rxc4 43. Kd3 Rc3+ 44. Ke2 Be7 45. Rg1 Bc5 46. Rd1 Bh5+ 0-1

[Event "Capablanca Memorial op 49th"]
[Site "Havana"]
[Date "2014.05.10"]
[Round "3"]
[White "Obregon, Carlos Andres"]
[Black "Olivares, Francisco"]
[Result "0-1"]
[WhiteElo "2498"]
[BlackElo "2305"]
[PlyCount "90"]
[EventDate "2014.04.08"]
[EventType "swiss"]
[EventRounds "10"]
[EventCountry "CUB"]
[SourceTitle "CBM 160 Extra"]
[Source "ChessBase"]
[SourceDate "2014.07.01"]
[SourceVersion "1"]
[SourceVersionDate "2014.07.01"]
[SourceQuality "1"]

1. e4 Nf6 2. e5 Nd5 3. d4 d6 4. c4 Nb6 5. exd6 exd6 6. Nc3 Be7 7. Bd3 Nc6 8. Nge2 0-0 9. 0-0 Bg4 10. f3 Bh5 11. Be3 Re8 12. b3 Bg6 13. Bxg6 hxg6 14. d5 Ne5 15. Bd4 Bf8 16. f4 Ned7 17. Qd3 c5 18. dxc6 bxc6 19. f5 gxf5 20. Rxf5 Ne5 21. Bxe5 Rxe5 22. Raf1 Rxf5 23. Qxf5 Qd7 24. Qf3 d5 25. cxd5 cxd5 26. Rd1 Rd8 27. Nf4 d4 28. Ne4 Qf5 29. Ng3 Qc2 30. Nd3 Nd5 31. Rf1 Qc7 32. Nf5 Ne3 33. Rc1 Qd7 34. Nxe3 dxe3 35. Nf4 Qd2 36. Ne2 Rd6 37. Qf1 Rf6 38. Qe1 Qxa2 39. Ra1 Qb2 40. Rxa7 Rf2 41. Ng3 Rxg2+ 42. Kf1 Rf2+ 43. Kg1 Rxh2 44. Qf1 Rf2 45. Qe1 Qe5 0-1

[Event "Capablanca Memorial op 49th"]
[Site "Havana"]
[Date "2014.05.09"]
[Round "2"]
[White "Olivares, Francisco"]
[Black "Frometa Castillo, Zirka"]
[Result "1-0"]
[WhiteElo "2305"]
[BlackElo "2144"]
[PlyCount "77"]
[EventDate "2014.04.08"]
[EventType "swiss"]
[EventRounds "10"]
[EventCountry "CUB"]
[SourceTitle "CBM 160 Extra"]
[Source "ChessBase"]
[SourceDate "2014.07.01"]
[SourceVersion "1"]
[SourceVersionDate "2014.07.01"]
[SourceQuality "1"]

1. d4 d5 2. c4 e6 3. Nc3 f5 4. e3 Nf6 5. Bd3 c6 6. Nge2 Bd6 7. f3 0-0 8. Qc2 dxc4 9. Bxc4 b5 10. Bb3 Nd5 11. 0-0 b4 12. Na4 Ba6 13. Rf2 Qc7 14. g3 Nd7 15. Nf4 Rae8 16. Bd2 Bb5 17. Rc1 Qb8 18. Bc4 N7f6 19. Qb3 g5 20. Nd3 a5 21. Nac5 f4 22. gxf4 gxf4 23. e4 Bxc4 24. Qxc4 Nb6 25. Qb3 Nfd7 26. Nxd7 Nxd7 27. e5 Bc7 28. Rxc6 Kh8 29. Nxf4 Rg8+ 30. Kh1 Bb6 31. Be3 Nf8 32. Qc4 Ba7 33. Rc2 Ng6 34. Nxg6+ hxg6 35. Bg5 Bb6 36. Be3 Kh7 37. d5 g5 38. Qg4 Rg6 39. Qh5+ 1-0